000 00249nam a2200097Ia 4500
001 1055498
005 20250827001343.0
008 250824s9999 xx 000 0 und d
245 0 _aBÖRÜ KURT YANGINI
_cÇAĞLAYAN YILMAZ
260 _bPANAMA YAYINLARI
999 _c1055498
_d1055498